Az online és offline vásárlási trendek vizsgálata egy salgótarjáni étterem példáján keresztül
| Main Author: | |
|---|---|
| Other Authors: | |
| Format: | Project work |
| Kulcsszavak: | ábrák diagramok digitális technológia e-marketing - elektronikus marketing elektronikus kereskedelem - online kereskedelem |
| Online Access: | http://dolgozattar.uni-bge.hu/59836 |
MARC
| LEADER | 00000nnm a2200000 i 4500 | ||
|---|---|---|---|
| 001 | dolg59836 | ||
| 005 | 20260409145629.0 | ||
| 008 | 260409suuuu hu o 000 hun d | ||
| 040 | |a BGE Dolgozattár Repozitórium |b hun | ||
| 041 | |a hu | ||
| 100 | 1 | |a Tresó Gerda | |
| 245 | 1 | 3 | |a Az online és offline vásárlási trendek vizsgálata egy salgótarjáni étterem példáján keresztül |c Tresó Gerda |h [elektronikus dokumentum] |
| 516 | |a Project_work | ||
| 520 | 3 | |a Projektmunkámban az online és az offline vásárlási trendek változásait vizsgáltam egy salgótarjáni étterem példáján keresztül. Megnéztem, hogy a vendégek mennyire használják az online rendelést, és hogyan reagált erre az étterem. Kitértem arra is, milyen előnyei és hátrányai vannak az egyes vásárlási formáknak. A kutatás során kérdőíves felmérést is készítettem, hogy jobban megértsem a helyi vásárlók szokásait. A dolgozat célja, hogy képet adjon a jelenlegi trendekről, és ötleteket adjon arra, hogyan lehetne még jobban kihasználni az online lehetőségeket a vendégek elégedettsége érdekében. | |
| 695 | |a ábrák | ||
| 695 | |a diagramok | ||
| 695 | |a digitális technológia | ||
| 695 | |a e-marketing - elektronikus marketing | ||
| 695 | |a elektronikus kereskedelem - online kereskedelem | ||
| 700 | 1 | |a Kovács Dr. András |e ths | |
| 856 | 4 | 0 | |u http://dolgozattar.uni-bge.hu/59836/1/Projektmunka%2C%20online%20offline%20v%C3%A1s%C3%A1rl%C3%A1si%20trendek.pdf |z Dokumentum-elérés |
| 856 | 4 | 0 | |u http://dolgozattar.uni-bge.hu/59836/2/Projektmunka%2C%20online%20offline%20v%C3%A1s%C3%A1rl%C3%A1si%20trendek.pdf |z Dokumentum-elérés |
| 856 | 4 | 0 | |u http://dolgozattar.uni-bge.hu/59836/3/KM%20FOSZK%20b%C3%ADr%C3%A1lati%20lap_Tres%C3%B3%20Gerda_Kov%C3%A1cs_A.pdf |z Dokumentum-elérés |